Obroda v koncoch

Bibliographic Details
Main Author: Čobejová, Eva, 1965- (Author)
Format: Article
Language:Slovak
PhysicalDescription:Fotogr.
ISSN:1336-5932
Subjects:

MARC

LEADER 00000nab a2200000 a 4500
001 vtls008418827
003 SK-MaSNL
005 20260303070052.0
008 140515c2005 xo wr|p|||||||000 b|slo
015 |a SNBRB2005/12  |2 snkbucl 
040 |a SNKBUCL  |b slo  |c SNKBUCL  |e AACR2 
041 0 |a slo 
044 |a xo  |c SK 
080 |a 05  |x (437.6)  |2 1997 
100 1 |a Čobejová, Eva,  |d 1965-  |4 aut  |9 135492 
245 1 0 |a Obroda v koncoch  |c Eva Čobejová 
300 |b Fotogr. 
630 0 7 |a Národná obroda (noviny)  |2 snkbucl  |9 995204 
650 0 7 |a vznik  |2 snkbucl  |9 315833 
650 0 7 |a 15. výročie  |2 snkbucl  |9 1032502 
773 0 |t Týždeň  |g Roč. II, č. 23 (2005), s. 28-29  |x 1336-5932 
852 |a SNK  |b KIS3GCP 
958 |a SK 
999 |c 1753792  |d 1755722